Jours de la semaine en français - Statistiques

Statistiques générales
  • Ce quiz a été pris 123 fois
  • Le résultat moyen est 7 sur 7
Statistiques - réponses
Anglais Français % Correct
Monday Lundi
100%
Tuesday Mardi
99%
Thursday Jeudi
98%
Wednesday Mercredi
98%
Saturday Samedi
98%
Friday Vendredi
98%
Sunday Dimanche
97%
Aucun quiz correspondant
Distribution des résultats
% des personnes avec chaque résultat
Percentile par nombre de réponses
Votre historique - résultats
Vous n’avez pas pris ce quiz